Logo biblioteca
Santa Fe 2917, Rosario, Santa Fe
Lu-Vi 8 a 19.45
+54-341-4232362
bibliotecaeudoro@gmail.com
Facebook Biblioteca Pedagógica
Sitio web

Territorios conquistados: (Registro nro. 32574)

Detalles MARC
000 -CABECERA
campo fijo de control de longitud 01812nab a2200253 4500
003 - IDENTIFICADOR DEL NÚMERO DE CONTROL
campo de control AR-RoBPED
005 - FECHA Y HORADE LA ULTIMA TRANSACCION
campo de control 20260420085751.0
008 - ELEMENTOS DE LONGITUD FIJA--INFORMACION GENERAL
campo fijo de control de longitud 260420b |||||||| |||| 00| 0 spa d
040 ## - FUENTE CATALOGADORA
Centro catalogador/agencia de origen AR-RoBPED
041 ## - IDIOMA
Código de idioma para texto/pista de sonido o título independiente spa
100 1# - ENCABEZAMIENTO PRINCIPAL--AUTOR PERSONAL
Nombre de persona Cañon, Mila
9 (RLIN) 25140
Función Doctora en Letras, docente e investigadora
245 1# - TITULO
Título Territorios conquistados:
Subtítulo de la investigación al saber didáctico-pedagógico /
260 ## - PUBLICACION
Lugar Buenos Aires :
Editor Noveduc,
Fecha 2024
300 ## - DESCRIPCION FISICA
Extensión 2-5 p.
500 ## - NOTA GENERAL
Nota general Las autoras comparten algunas polémicas y debates a partir de las cuales diseñaron un "Repertorio de invenciones didácticas" en torno a la planificación de secuencias didácticas en el Nivel Medio y Superior. Como fruto del trabajo que llevan adelante en GRIEL (Grupo de Investigaciones en Educación y Lenguaje, Facultad de Humanidades, UNMdP) e interpeladas por las categorizaciones teóricas sobre las que indagan , organizaron unas jornadas de intercambio en las que compartieron diversas propuestas para el área de Lengua y Literatura. En el siguiente texto se detienen en las nociones de "repertorio" y de " intervención/es", como conceptos nodales que permiten analizar., reflexionar y polemizar acerca de las decisiones docentes y revalorizar el "como hacer en el aula" (Brito y Chartier,2024), no desde el aplicacionismo acrítico, sino desde la apropiación y la reinvención.
650 #7 - TERMINO DE MATERIA--CONTROLADO
Término controlado DIDACTICA
9 (RLIN) 167
Término controlado ENSEÑANZA
9 (RLIN) 342
Término controlado EDUCACIÓN DE JÓVENES Y ADULTOS
9 (RLIN) 28183
Término controlado PEDAGOGIA
9 (RLIN) 256
700 1# - ENCABEZAMIENTO SECUNDARIO--AUTOR PERSONAL
Nombre de persona Hermida, Carola
9 (RLIN) 30768
Función Doctora en Letras, docente e investigadora
773 0# - DOCUMENTO FUENTE
Host Biblionumber 20414
Host Itemnumber 41862
Place, publisher, and date of publication Buenos Aires : Noveduc, 1993-
Título Novedades Educativas
Record control number (AR-RoBPED)20414
International Standard Serial Number 03283534
942 ## - ELEMENTOS KOHA
Fuente de clasificación Universal Decimal Classification
Koha tipo de ítem Revistas
Clasificación 37(05)
Signatura librística Nov 86 N° 399 (Nov.2024)
Número Koha k.32574
945 ## - PROCESAMIENTO DE LA INFORMACIÓN LOCAL
Catalogador y fecha mar 04/2026

No hay ítems disponibles.